00334nam a22001337a 4500003000400000005001700004008004100021020001800062040002300080050001200103082001200115245002800127260004500155OSt20211124115120.0211124b |||||||| |||| 00| 0 eng d a0-309-04264-X cHawassa university a664/ROB a664/ROB aLost crops of the incas aWashington d. c.bNational academyc1980